Normal view
MARC view
Entry Topical Term
001 - CONTROL NUMBER
- control field: 4756
003 - CONTROL NUMBER IDENTIFIER
- control field: ARRUPE
005 - DATE AND TIME OF LATEST TRANSACTION
- control field: 20131203140752.0
008 - FIXED-LENGTH DATA ELEMENTS
- fixed length control field: 131203|| aca||aabn | a|a d
040 ## - CATALOGING SOURCE
- Original cataloging agency: ARRUPE
- Transcribing agency: ARRUPE
150 ## - HEADING--TOPICAL TERM
- Topical term or geographic name as entry element: Johnson, Paul - Friends & associates - Anecdotes; Biography - 20th century - Anecdotes; History - Modern - 1945-1989; History - Modern - 1989-
670 ## - SOURCE DATA FOUND
- Source citation: Work cat.: (ARRUPE): Johnson, Paul 4755, Brief lives, 2010